000
00326nam a2200133Ia 4500
008
240112s1985 xx 000 0 und d
022
_a
08151-73156,0084-3873
041
_a
eng
082
_a
616.05
100
_a
ROGERS D.E.
245
_a
YEAR BOOK OF MEDICINE
260
_b
YEAR BOOK OF MED.PUB.
_c
1985
300
_a
907,HB
999
_c
1140953
_d
1140953